| 000 | 00438nam a2200145 i 4500 | ||
|---|---|---|---|
| 001 | 80917 | ||
| 003 | ES-MaACL | ||
| 007 | t| | ||
| 008 | 041102s1958 sp ||||1| eng d | ||
| 100 | 1 |
_aHornby, A. S. _964215 |
|
| 245 | 1 | 0 |
_aEnglish by Radio teaches the World _b: revise your english / _cby A.S. Hornby. |
| 260 |
_aMadrid : _bAlhambra, _c[1958] ( _fNuevas Gráficas) |
||
| 300 |
_a99 p. ; _c18 cm. |
||
| 852 |
_aES-MaACL _jG-13689 _bR.47948 |
||
| 999 |
_c80917 _d80917 |
||